| 000 | 00526nam a2200157 a 4500 | ||
|---|---|---|---|
| 001 | 000040955 | ||
| 005 | 20201002034514.0 | ||
| 008 | 130911s2001 pr ac 000 0 spa d | ||
| 020 | _a0865815615 | ||
| 040 |
_aDO-SdBNP _bspa _cBNPHU |
||
| 082 |
_axxxx _bxxxx |
||
| 100 | 1 |
_aTorres Martino, José A. _967387 |
|
| 245 | 1 | 0 |
_aMirar y Ver. : _btextos sobre arte y artistias en Puerto Rico / _cJosé A. Torres Martino. |
| 260 |
_aPuerto Rico, : _bInstituto de cultura Puertorriqueña, _c2001. |
||
| 300 |
_a315 p. : _bil, retr. ; _c21 cm. |
||
| 999 |
_c40445 _d40445 |
||